| 000 | 01169nam a2200301Ia 4500 | ||
|---|---|---|---|
| 001 | ebr10120751 | ||
| 003 | CaPaEBR | ||
| 006 | m u | ||
| 007 | cr cn||||||||| | ||
| 008 | 041022s2003 wiua s 000 0 eng d | ||
| 020 | _z1930919409 | ||
| 040 |
_aCaPaEBR _cCaPaEBR |
||
| 035 | _a(OCoLC)80244772 | ||
| 050 | 1 | 4 |
_aQA76.9.D3 _bG73 2003eb |
| 082 | 0 | 4 |
_a005.75/65 _221 |
| 100 | 1 | _aGranor, Tamar E. | |
| 245 | 1 | 0 |
_aWhat's new in Visual FoxPro 8.0 _h[electronic resource] / _cTamar E. Granor, Doug Hennig ; [technical editor] Jim Slater. |
| 260 |
_aWhitefish Bay, WI : _bHentzenwerke Publishing, _cc2003. |
||
| 300 |
_axvii, 264 p. : _bill. |
||
| 533 |
_aElectronic reproduction. _bPalo Alto, Calif. : _cebrary, _d2009. _nAvailable via World Wide Web. _nAccess may be limited to ebrary affiliated libraries. |
||
| 630 | 0 | 0 | _aVisual FoxPro for Windows. |
| 650 | 0 | _aDatabase management. | |
| 655 | 7 |
_aElectronic books. _2local |
|
| 700 | 1 |
_aHennig, Doug. _4aut |
|
| 700 | 1 |
_aSlater, Jim. _4edt |
|
| 710 | 2 | _aebrary, Inc. | |
| 856 | 4 | 0 |
_uhttp://site.ebrary.com/lib/rucke/Doc?id=10120751 _zAn electronic book accessible through the World Wide Web; click to view |
| 999 |
_c111658 _d111658 |
||